[Event "WTCC-65 2018"]
[Site "Radebeul"]
[Date "2018.07.11"]
[Round "5"]
[White "Etzold, Ernst-Walter"]
[Black "Emerson, Roger"]
[Result "1/2-1/2"]
[WhiteElo "2088"]
[BlackElo "2211"]
[Annotator "NA"]
[PlyCount "122"]
[EventDate "2018.07.07"]
[EventType "team-tourn"]
[EventCountry "GER"]
[SourceTitle "playchess.com"]
[Source "ChessBase"]
[SourceQuality "1"]
[TimeControl "40/5400+30:1800+30"]

1. d4 {[%emt 0:00:00]} Nf6 {[%emt 0:00:00]} 2. Nf3 {[%emt 0:00:00]} g6 {[%emt 0:00:00]} 3. c4 {[%emt 0:00:00]} Bg7 {[%emt 0:00:00]} 4. Nc3 {[%emt 0:00:07]} O-O {[%emt 0:00:22]} 5. e4 {[%emt 0:01:42]} d6 {[%emt 0:00:50]} 6. Be2 {[%emt 0:01:28]} e5 {[%emt 0:00:14]} 7. dxe5 {[%emt 0:04:54]} dxe5 {[%emt 0:00:15]} 8. Qxd8 {[%emt 0:00:08]} Rxd8 {[%emt 0:00:10]} 9. Bg5 {[%emt 0:00:06]} Re8 {[%emt 0:00:07]} 10. O-O-O {[%emt 0:00:10]} Na6 {[%emt 0:01:48]} 11. Ne1 {[%emt 0:04:18]} Nc5 {[%emt 0:05:39]} 12. f3 {[%emt 0:00:15] E92: King's Indian: Classical: 6 Be2 e5: 7 dxe5, 7 Be3 and Petrosian System without 7...Nbd7} Ne6 {[%emt 0:00:14]} 13. Be3 {[%emt 0:00:07]} c6 {[%emt 0:00:23]} 14. Nc2 {[%emt 0:01:29]} b6 {[%emt 0:07:11]} 15. Rd2 {[%emt 0:06:51]} c5 $146 {[%emt 0:13:58]} ({Predecessor:} 15... Bf8 16. Rhd1 Bb7 {½-½ (16) Johnston,A (2370)-Zemlyanov,S (2404) ICCF email 2012}) 16. Na3 {[%emt 0:33:02]} Bb7 {[%emt 0:16:09]} 17. Nab5 {[%emt 0:01:31]} Bc6 {[%emt 0:04:15]} 18. Rhd1 {[%emt 0:04:20]} a6 {[%emt 0:04:21]} 19. Na3 {[%emt 0:09:00]} Nd4 {[%emt 0:07:25]} 20. Nd5 {[%emt 0:00:55]} Bxd5 {[%emt 0:01:17]} 21. cxd5 {[%emt 0:00:22]} b5 {[%emt 0:03:24]} 22. Kb1 {[%emt 0:00:33]} Nd7 {[%emt 0:03:06]} 23. Bf1 {[%emt 0:05:56]} h5 {[%emt 0:04:29]} 24. Rf2 {[%emt 0:01:03]} f5 {[%emt 0:03:49]} 25. Bd3 {[%emt 0:07:05]} c4 {[%emt 0:02:26]} 26. Bc2 {[%emt 0:00:14]} Rac8 {[%emt 0:01:28]} 27. exf5 {[%emt 0:00:43]} Nxf5 {[%emt 0:01:15]} 28. Bc1 {[%emt 0:01:01]} Kf7 {[%emt 0:01:43]} 29. g4 {[%emt 0:04:48]} Nd4 {[%emt 0:00:44]} 30. Be4 {[%emt 0:00:56]} Nc5 {[%emt 0:05:05]} 31. gxh5 {[%emt 0:00:21]} gxh5 {[%emt 0:00:09]} 32. Rg1 {[%emt 0:00:13]} Rh8 {[%emt 0:00:34]} 33. Nc2 {[%emt 0:01:21]} Bf6 {[%emt 0:00:39]} 34. Ne3 {[%emt 0:00:38]} Rhg8 {[%emt 0:06:37]} 35. Rfg2 {[%emt 0:00:29]} Rxg2 {[%emt 0:01:09]} 36. Rxg2 {[%emt 0:00:05]} Rg8 {[%emt 0:00:04]} 37. Rxg8 {[%emt 0:01:29]} Kxg8 {[%emt 0:00:02]} 38. Bd2 {[%emt 0:00:15]} Kf7 {[%emt 0:01:48]} 39. Bb4 {[%emt 0:02:59]} Nd3 {[%emt 0:01:56]} 40. Bc3 {[%emt 0:01:20]} Nf4 {[%emt 0:01:59]} 41. Kc1 {[%emt 0:33:43]} Be7 {[%emt 0:05:37]} 42. Kd1 {[%emt 0:00:00]} Bc5 {[%emt 0:01:07]} 43. Nc2 {[%emt 0:00:00]} Ke7 {[%emt 0:01:10]} 44. Nb4 {[%emt 0:00:00]} Kd6 {[%emt 0:03:56]} 45. Nxa6 {[%emt 0:00:00]} Nxd5 {[%emt 0:00:09]} 46. Nxc5 {[%emt 0:00:00]} Kxc5 {[%emt 0:00:07]} 47. Be1 {[%emt 0:00:00]} Ne3+ {[%emt 0:02:41]} 48. Kc1 {[%emt 0:00:00]} Nf1 {[%emt 0:00:12]} 49. h4 {[%emt 0:00:00]} Nh2 {[%emt 0:02:53]} 50. Bf2 {[%emt 0:00:00]} Kd6 {[%emt 0:00:14]} 51. Bg6 {[%emt 0:00:00]} Nhxf3 {[%emt 0:04:24]} 52. Bxh5 {[%emt 0:00:00]} e4 {[%emt 0:00:11] [#]} 53. Be8 {[%emt 0:00:00]} (53. Bxf3 $1 $16 Nxf3 54. h5) 53... b4 {[%emt 0:00:14]} 54. Bg6 {[%emt 0:00:00]} Kd5 {[%emt 0:01:29] [#]} (54... e3 $11 {keeps the balance.} 55. Bxe3 Nxh4) 55. h5 $1 {[%emt 0:00:00]} Ne5 {[%emt 0:00:25]} 56. Kd2 {[%emt 0:01:00]} Nxg6 {[%emt 0:04:46]} 57. hxg6 {[%emt 0:00:02]} Nf5 {[%emt 0:00:12]} 58. a4 {[%emt 0:00:36]} Kc6 {[%emt 0:04:01]} 59. Bd4 {[%emt 0:04:24]} Kb7 {[%emt 0:05:16]} ({Vergiftet wäre} 59... Nxd4 $2 60. g7) 60. g7 e3+ {[%emt 0:00:09] [#]} 61. Bxe3 $11 {[%emt 0:04:20]} ({Only move:} 61. Ke2 $1 $18 Nh6 62. Bc5) 61... Nxg7 1/2-1/2

[Event "WTCC-65 2018"]
[Site "Radebeul"]
[Date "2018.07.11"]
[Round "5"]
[White "Sobeck, Guenter"]
[Black "Berry, Stephen H"]
[Result "0-1"]
[WhiteElo "2033"]
[BlackElo "2298"]
[Annotator "NA"]
[PlyCount "76"]
[EventDate "2018.07.07"]
[EventType "team-tourn"]
[EventCountry "GER"]
[SourceTitle "playchess.com"]
[Source "ChessBase"]
[SourceQuality "1"]
[TimeControl "40/5400+30:1800+30"]

1. Nf3 {[%emt 0:00:00]} Nf6 {[%emt 0:00:02]} 2. b3 {[%emt 0:00:00]} d6 {[%emt 0:01:36]} 3. Bb2 {[%emt 0:00:30]} e5 {[%emt 0:00:25]} 4. d3 {[%emt 0:00:43]} g6 {[%emt 0:02:32]} 5. Nbd2 {[%emt 0:00:17]} Bg7 {[%emt 0:00:08]} 6. c4 {[%emt 0:00:09]} O-O {[%emt 0:00:16]} 7. e3 {[%emt 0:00:14]} c5 {[%emt 0:02:19]} 8. Be2 {[%emt 0:00:11]} Nc6 {[%emt 0:00:06]} 9. a3 {[%emt 0:00:10]} h6 {[%emt 0:03:30]} 10. O-O {[%emt 0:00:28]} Be6 {[%emt 0:04:06]} 11. Qc2 {[%emt 0:00:23]} Nh5 {[%emt 0:03:38]} 12. Bc3 {[%emt 0:04:11]} a5 13. Qb2 f5 {[%emt 0:08:43]} 14. Rfd1 {[%emt 0:01:18]} Qe7 {[%emt 0:05:37]} 15. Bf1 {[%emt 0:00:28]} Bd7 {[%emt 0:08:00]} 16. g3 {[%emt 0:02:17]} Kh7 {[%emt 0:06:04]} 17. d4 {[%emt 0:04:03]} e4 {[%emt 0:01:39]} 18. Nh4 {[%emt 0:00:43]} cxd4 {[%emt 0:02:10]} 19. exd4 {[%emt 0:00:31]} Rae8 {[%emt 0:05:08]} 20. Re1 {[%emt 0:00:34]} Qf6 {[%emt 0:04:42]} 21. Rad1 {[%emt 0:03:07]} g5 {[%emt 0:01:23]} 22. Be2 {[%emt 0:02:30]} Qf7 {[%emt 0:02:28]} 23. Ng2 {[%emt 0:02:38]} Kh8 {[%emt 0:08:29]} 24. b4 {[%emt 0:03:23]} axb4 {[%emt 0:00:15]} 25. axb4 {[%emt 0:00:01]} f4 {[%emt 0:04:21]} 26. Bxh5 {[%emt 0:06:59]} Qxh5 {[%emt 0:00:03]} 27. b5 {[%emt 0:00:58]} Nd8 {[%emt 0:01:36]} 28. d5 {[%emt 0:01:37]} Bxc3 {[%emt 0:01:29]} 29. Qxc3+ {[%emt 0:00:05]} Kg8 {[%emt 0:00:14]} 30. Qd4 {[%emt 0:04:04]} e3 {[%emt 0:04:58]} 31. fxe3 {[%emt 0:04:29]} f3 {[%emt 0:02:51]} 32. Ne4 {[%emt 0:23:56]} Rxe4 {[%emt 0:01:41]} 33. Qxe4 {[%emt 0:00:07]} f2+ {[%emt 0:00:05]} 34. Kf1 {[%emt 0:00:25]} fxe1=Q+ {[%emt 0:00:12]} 35. Kxe1 {[%emt 0:00:03]} Nf7 {[%emt 0:02:18]} 36. Rd2 {[%emt 0:02:45]} Ne5 {[%emt 0:00:56]} 37. Rf2 {[%emt 0:00:23]} Rxf2 {[%emt 0:00:59]} 38. Kxf2 {[%emt 0:00:02]} Qf7+ {[%emt 0:00:19]} 0-1

[Event "WTCC-65 2018"]
[Site "Radebeul"]
[Date "2018.07.11"]
[Round "5"]
[White "Staub, Gerhard"]
[Black "Bernard, Christophe"]
[Result "0-1"]
[WhiteElo "2013"]
[BlackElo "2253"]
[Annotator "NA"]
[PlyCount "50"]
[EventDate "2018.07.07"]
[EventType "team-tourn"]
[EventCountry "GER"]
[SourceTitle "playchess.com"]
[Source "ChessBase"]
[SourceQuality "1"]
[TimeControl "40/5400+30:1800+30"]

1. e4 {[%emt 0:00:00]} c5 {[%emt 0:00:00]} 2. Nc3 {[%emt 0:00:00]} Nc6 {[%emt 0:00:13]} 3. f4 {[%emt 0:00:00]} g6 {[%emt 0:02:00]} 4. Nf3 {[%emt 0:00:25]} Bg7 {[%emt 0:00:03]} 5. Bb5 {[%emt 0:00:21]} Nd4 {[%emt 0:01:31]} 6. O-O {[%emt 0:00:41]} a6 {[%emt 0:05:32]} 7. Bd3 {[%emt 0:01:14]} d6 {[%emt 0:08:37]} 8. Nxd4 {[%emt 0:01:17]} cxd4 {[%emt 0:06:22]} 9. Ne2 {[%emt 0:00:18]} Nf6 {[%emt 0:00:21]} 10. c3 {[%emt 0:01:08]} dxc3 {[%emt 0:00:30]} 11. dxc3 {[%emt 0:00:08]} O-O {[%emt 0:00:14]} 12. Kh1 {[%emt 0:02:20]} Qc7 {[%emt 0:04:21]} 13. Nd4 {[%emt 0:04:36]} e5 {[%emt 0:03:11]} 14. fxe5 {[%emt 0:02:30]} dxe5 {[%emt 0:04:48]} 15. Nb3 {[%emt 0:03:19]} Bg4 {[%emt 0:03:53]} 16. Qc2 {[%emt 0:04:00]} Nh5 {[%emt 0:09:17]} 17. Be3 {[%emt 0:09:11]} Rad8 {[%emt 0:00:55]} 18. Bc5 {[%emt 0:03:34]} Rfe8 {[%emt 0:00:16]} 19. Bc4 {[%emt 0:02:26]} Nf4 {[%emt 0:02:57]} 20. Qf2 {[%emt 0:10:33]} b5 {[%emt 0:04:40]} 21. Bb6 {[%emt 0:19:40]} Qxc4 {[%emt 0:00:18]} 22. Bxd8 {[%emt 0:00:07]} Rxd8 {[%emt 0:00:02]} 23. Qh4 {[%emt 0:00:10]} Qc8 {[%emt 0:00:47]} 24. g3 {[%emt 0:03:21]} Nd3 {[%emt 0:01:01]} 25. Nc1 {[%emt 0:05:56]} f6 {[%emt 0:01:30]} 0-1

[Event "WTCC-65 2018"]
[Site "Radebeul"]
[Date "2018.07.11"]
[Round "5"]
[White "Belinchis, Valerii"]
[Black "Malmdin, Nils-Ake"]
[Result "1/2-1/2"]
[WhiteElo "1881"]
[BlackElo "2138"]
[Annotator "NA"]
[PlyCount "43"]
[EventDate "2018.07.07"]
[EventType "team-tourn"]
[EventCountry "GER"]
[SourceTitle "playchess.com"]
[Source "ChessBase"]
[SourceQuality "1"]
[TimeControl "40/5400+30:1800+30"]

1. d4 {[%emt 0:00:00]} g6 {[%emt 0:00:33]} 2. c4 {[%emt 0:00:00]} Bg7 {[%emt 0:00:23]} 3. Nc3 {[%emt 0:00:07]} Nf6 {[%emt 0:00:57]} 4. e4 {[%emt 0:00:21]} d6 {[%emt 0:00:12]} 5. f3 {[%emt 0:00:16]} c6 {[%emt 0:02:55]} 6. Be3 {[%emt 0:02:01]} a6 {[%emt 0:02:54]} 7. Qd2 {[%emt 0:11:27]} b5 {[%emt 0:06:00]} 8. Bd3 {[%emt 0:03:42]} Nbd7 {[%emt 0:03:30]} 9. Nge2 {[%emt 0:02:00]} Bb7 {[%emt 0:09:50]} 10. b3 {[%emt 0:03:18]} h5 {[%emt 0:06:52]} 11. O-O {[%emt 0:01:54]} Qc7 {[%emt 0:05:20]} 12. Rac1 {[%emt 0:02:02]} b4 {[%emt 0:01:36]} 13. Na4 {[%emt 0:00:57]} c5 {[%emt 0:00:34]} 14. e5 {[%emt 0:04:31]} dxe5 {[%emt 0:02:55]} 15. dxc5 {[%emt 0:00:55]} a5 {[%emt 0:00:46]} 16. Ng3 {[%emt 0:10:38]} Rd8 {[%emt 0:03:49]} 17. Qc2 {[%emt 0:04:58]} Nf8 {[%emt 0:16:55]} 18. Rcd1 {[%emt 0:06:45]} h4 {[%emt 0:04:42]} 19. Ne4 {[%emt 0:02:32]} Ne6 {[%emt 0:04:16]} 20. c6 {[%emt 0:22:06]} Rxd3 {[%emt 0:08:17]} 21. Qxd3 {[%emt 0:02:33]} Bxc6 {[%emt 0:00:27]} 22. Bb6 {[%emt 0:00:51]} 1/2-1/2

[Event "WTCC-65 2018"]
[Site "Radebeul"]
[Date "2018.07.12"]
[Round "6"]
[White "Rashkovsky, Nukhim N"]
[Black "Donchenko, Anatoly"]
[Result "1/2-1/2"]
[WhiteElo "2483"]
[BlackElo "2301"]
[Annotator "TA"]
[PlyCount "72"]
[EventDate "2018.07.07"]
[EventType "team-tourn"]
[EventCountry "GER"]
[SourceTitle "playchess.com"]
[Source "ChessBase"]
[SourceQuality "1"]

{[%evp 17,72,14,17,17,17,17,31,8,8,9,45,37,43,21,19,22,25,2,34,34,34,35,35,34,35,35,35,26,36,38,43,30,27,23,41,68,72,5,17,0,0,0,0,0,0,0,0,0,0,0,0,0,0,0,0,0,0]} 1. g3 c5 2. Bg2 g6 3. Nf3 Bg7 4. O-O Nc6 5. e4 d6 6. c3 Nf6 7. d4 cxd4 8. cxd4 O-O 9. Nc3 Bg4 10. Be3 {B50: Sizilianisch (Verschiedenes mit 2...d6)} d5 (10... Qa5 11. h3 Bxf3 12. Bxf3 Rfe8 13. d5 Ne5 14. Be2 Rec8 15. Qb3 Nfd7 16. f4 Nc5 17. Qc2 Ned7 {0-1 (47) Mickiewicz,P (2367)-Butkiewicz,L (2441) Jastrzebia Gora 2015}) 11. e5 $146 ({Vorgänger:} 11. exd5 Nxd5 12. Nxd5 Qxd5 13. Ne5 Qxe5 14. dxe5 Bxd1 15. Raxd1 Bxe5 16. Rd7 Rab8 17. b3 Bd6 18. Bxc6 bxc6 19. Bxa7 {½-½ (31) Piesik,P (2193)-Kutsykh,M (2264) Lublin 2012}) 11... Ne4 12. h3 {Weiß steht etwas besser.} Nxc3 13. bxc3 Bxf3 14. Bxf3 e6 15. Qd2 Na5 16. Be2 Rc8 17. Rab1 b6 18. Bg5 f6 19. exf6 Bxf6 20. Bf4 Nc4 21. Bxc4 Rxc4 22. Rfe1 Qd7 23. h4 Rfc8 24. Rb3 b5 25. h5 a5 {[%cal Ba7a5,Ba5a4][%mdl 32]} 26. hxg6 hxg6 27. Be5 ({Günstiger ist} 27. Qd3 $16 Qe8 28. Rxb5) 27... a4 {[#] Weiss muss nun ...Lxe5 beachten.Die Stellung ist ausgeglichen.} 28. Rb2 Bxe5 29. Rxe5 Rxc3 30. Qh6 Qh7 31. Qxh7+ Kxh7 32. Rxe6 $11 {KTT-KTT} Rc2 33. Rxb5 Rf8 34. Rb7+ ({Ein No Go ist} 34. Rxd5 Rfxf2 35. Rd7+ Kh6 $17) 34... Kh6 35. Rbb6 Rfxf2 {[#] Droht ...Tg2+ und aus.} 36. Rxg6+ Kh7 $1 {Precision: Weiß = 65%, Schwarz = 66%.} 1/2-1/2

[Event "WTCC-65 2018"]
[Site "Radebeul"]
[Date "2018.07.12"]
[Round "6"]
[White "Sveshnikov, Evgeny"]
[Black "Rotstein, Jefim"]
[Result "1-0"]
[WhiteElo "2464"]
[BlackElo "2318"]
[Annotator "TA"]
[PlyCount "99"]
[EventDate "2018.07.07"]
[EventType "team-tourn"]
[EventCountry "GER"]
[SourceTitle "playchess.com"]
[Source "ChessBase"]
[SourceQuality "1"]

{[%evp 18,99,80,72,104,37,133,127,103,101,203,211,152,64,75,85,78,83,90,60,176,48,44,44,43,60,52,47,51,40,50,39,64,36,344,336,379,381,378,348,356,259,245,0,193,-58,-50,-155,-117,-430,-439,-623,-623,-556,0,0,0,-18,-18,-72,0,0,245,247,846,876,817,776,2404,2325,1741,1416,29967,29966,29979,29980,29980,29981,29986,29987,29987,29988,29988,29987]} 1. e4 {Lukacs,P} g6 2. d4 Bg7 3. Nc3 c6 4. f4 d5 5. e5 Nh6 {[%cal Bg8h6,Bh6f5,Bf5g3][%mdl 32]} 6. Nf3 f6 7. h3 {B15: Caro-Kann: 3 Nc3: 3...g6 and 3...dxe4 4 Nxe4 Nf6 5 Nxf6+ exf6} (7. Be3 O-O 8. h3 Qb6 9. Qd2 Qxb2 10. Rb1 Qa3 11. g4 Nf7 12. Bd3 fxe5 13. dxe5 Na6 14. Rb3 Qa5 {1-0 (31) Robson,R (2668)-Shabalov,A (2556) Saint Louis 2017 CBM 178 [Yermolinsky,A]}) 7... Nf5 8. Bd3 Ng3 9. Rg1 f5 10. Be3 {LiveBook: 3 Games} b6 11. Qd2 (11. Ne2 $16 Ne4 12. c3) 11... e6 (11... Ne4 $14 12. Qe2 O-O) 12. O-O-O $146 ({Predecessor:} 12. Ng5 Bf8 13. Qf2 Ne4 14. Ngxe4 dxe4 {½-½ (55) Tzermiadianos,A (2440)-Nevednichy,V (2537) Kallithea 2002 CBM 092 [Lukacs,P]}) 12... Ba6 13. Ng5 {Hoping for Qf2.} Qc8 (13... Qe7 $16 {might work better.}) 14. Qf2 $18 Ne4 15. Ngxe4 ({Not} 15. Ncxe4 fxe4 16. Bxa6 Nxa6 $11) (15. Bxe4 $16 fxe4 16. Qh4) 15... dxe4 $14 16. Be2 Bxe2 17. Qxe2 Qa6 18. g4 Bf8 (18... Qxe2 $14 19. Nxe2 Na6) 19. gxf5 (19. Qe1 $18) 19... Qxe2 20. Nxe2 gxf5 21. c4 Na6 $1 22. d5 $1 {[%cal Rd5e6]} cxd5 23. cxd5 exd5 24. Nd4 $36 {[%mdl 2048] White has some pressure.} Nb4 25. Nxf5 Nxa2+ $2 {[%mdl 8192]} (25... Kf7 $14) 26. Kb1 $18 Nb4 27. e6 Bc5 28. Rg7 O-O-O 29. Rc1 ({Weaker is} 29. Rxa7 Kb8 $16) 29... Nd3 30. Ne7+ $2 ({White should play} 30. Rc3 $1 $18) 30... Kb7 $2 {[#]} (30... Kc7 $1 $11 31. Nf5+ Kc6) 31. Nxd5+ $2 ({White must play} 31. Bxc5 $1 $18 bxc5 32. Ng6+ Kc6 33. Nxh8 Rxh8 34. Rcg1 Nxf4 35. e7) 31... Kc6 $1 $15 32. Rxc5+ ({White should try} 32. Nf6 $15 Nxc1 33. Bxc5) 32... bxc5 $17 33. Ne7+ $2 {[%mdl 8192]} (33. Nf6 $17) 33... Kd6 $19 34. f5 (34. Nf5+ $142 Kxe6 35. Ng3) 34... Rb8 35. Ka1 Rb6 $2 (35... Rhe8 $19 36. Bg5 e3 37. Rxh7 e2) 36. Ng8 $1 $11 Rb8 37. Nh6 {And now Nf7+ would win.} Rhe8 38. Rxh7 {[#]} (38. Rd7+ $11 Ke5 39. e7) 38... Rxb2 (38... Kc6 $1 $17 39. Rd7 Ne5) 39. Rd7+ Ke5 $2 {[#]} (39... Kc6 $1 $11 {and Black has nothing to worry.} 40. Rxd3 Reb8) 40. Rxd3 $1 $18 {[%mdl 512]} exd3 $2 (40... Reb8 41. Rc3 c4) 41. Kxb2 a5 42. Kc3 Ke4 43. Bxc5 Rc8 44. Kd2 Rxc5 {[%mdl 4096] Endgame KR-KN} 45. e7 {White mates.} Rc2+ 46. Kd1 Rc8 47. f6 {[%cal Bf5f6,Bf6f7][%mdl 32]} Rb8 48. f7 Rb1+ 49. Kd2 Rb2+ 50. Kc3 {Precision: White = 38%, Black = 33%.} 1-0

[Event "WTCC-65 2018"]
[Site "Radebeul"]
[Date "2018.07.12"]
[Round "6"]
[White "Hort, Vlastimil"]
[Black "Bellin, Robert"]
[Result "1-0"]
[WhiteElo "2421"]
[BlackElo "2333"]
[Annotator "TA"]
[PlyCount "97"]
[EventDate "2018.07.07"]
[EventType "team-tourn"]
[EventCountry "GER"]
[SourceTitle "playchess.com"]
[Source "ChessBase"]
[SourceQuality "1"]

{[%evp 22,97,25,11,13,2,1,0,39,33,44,32,44,36,48,39,46,12,14,14,14,13,28,20,33,30,35,29,21,20,31,12,16,7,18,0,25,13,28,20,69,20,21,0,0,0,0,0,26,4,42,32,67,21,107,4,10,0,164,44,143,84,268,216,297,274,277,241,255,191,1073,1074,914,621,612,592,29985,29986]} 1. Nf3 e6 2. b3 b6 3. g3 Bb7 4. Bg2 c5 5. Bb2 Nf6 6. O-O Be7 7. c4 O-O 8. e3 {[%cal Be2e3,Be3e4][%mdl 32]} d6 9. Qe2 Nbd7 10. Nc3 a6 11. d3 {A30: Englische Eröffnung (Symmetrische Variante)} (11. d4 Ne4 12. Rad1 Nxc3 13. Bxc3 Be4 14. Ne1 Bxg2 15. Nxg2 cxd4 16. Bxd4 Qc7 17. Nf4 Ne5 18. Nh5 g6 19. Nf4 {½-½ (30) Dubov,D (2659)-Lysyj,I (2677) Sochi 2015}) 11... Qc7 12. e4 {LiveBook: 5 Partien} Ne5 13. Nxe5 $146 {Die Stellung ist ausgeglichen.} ({Vorgänger:} 13. Ng5 Nc6 14. f4 Nd4 15. Qd2 Nd7 16. Nh3 {1-0 (51) Welling,G (2405)-Drill,F (2184) Schwaebisch Gmuend 2006}) 13... dxe5 14. f4 Bd6 {[%cal Re5f4]} 15. f5 Rae8 16. Rae1 Bc8 17. Nd1 Nd7 18. Ne3 Qd8 19. Ng4 f6 20. Ne3 Nb8 21. Bh3 Nc6 22. fxe6 Bxe6 23. Bxe6+ Rxe6 24. Nd5 Ree8 25. Bc3 Ne7 26. Ne3 Qd7 27. Qg2 Rd8 28. Rf3 Rfe8 29. h4 Kh8 30. Ref1 Bb8 31. Rd1 (31. Nd5 $5) 31... b5 32. h5 h6 33. g4 Nc6 34. Nd5 Ne7 35. Be1 Ba7 {[%cal Re7d5]} 36. Bf2 Nc6 37. Be3 Re6 (37... Nd4 $11) 38. Kh2 (38. Rdf1 $16) 38... Nd4 $1 $11 39. Rf2 (39. Rff1 {is more complex.} Bb8 40. Qd2 Kh7 41. Rf2 Rf8 42. Rdf1) 39... Rb8 $2 (39... Bb8 $11) 40. Bxd4 (40. Rdf1 $1 $18) 40... cxd4 {[#]} (40... exd4 $14 41. Kg1 bxc4) 41. Rc1 ({Günstiger ist} 41. g5 $1) 41... b4 $2 (41... Bc5 $16 {war angesagt.}) 42. Rcf1 Bc5 {[#]} 43. g5 $1 hxg5 {[#]} 44. h6 $1 {[%mdl 512]} Be7 (44... gxh6 45. Qh3) 45. Qh3 Rb7 $2 (45... Rd6 46. hxg7+ Kxg7 47. Qxd7 Rxd7 48. Nxf6 Ra7) 46. hxg7+ $18 Kxg7 47. Kg2 ({Weniger gut wäre} 47. Qh5 Rb8 $16) 47... Rc6 {und die Idee ...Dxh3+ ließe Schwarz weiter hoffen.} 48. Qh5 {Weiss will mit Th1 Matt setzen.} Rb8 49. Rh1 {Precision: Weiß = 36%, Schwarz = 25%.} 1-0

[Event "WTCC-65 2018"]
[Site "Radebeul"]
[Date "2018.07.12"]
[Round "6"]
[White "Boidman, Yuri"]
[Black "Balashov, Yuri S"]
[Result "1/2-1/2"]
[WhiteElo "2358"]
[BlackElo "2423"]
[Annotator "TA"]
[PlyCount "42"]
[EventDate "2018.07.07"]
[EventType "team-tourn"]
[EventCountry "GER"]
[SourceTitle "playchess.com"]
[Source "ChessBase"]
[SourceQuality "1"]

{[%evp 25,27,0,0,-4]} 1. e4 e5 2. Nf3 Nc6 3. Bb5 a6 4. Ba4 Nf6 {[%cal Bg8f6,Bf6d7,Bd7c5,Bc5e6,Be6d4][%mdl 32]} 5. O-O Be7 6. Bxc6 dxc6 7. d3 Nd7 8. Nbd2 O-O 9. Nc4 f6 10. Nh4 Nc5 11. Qf3 Ne6 12. Nf5 Nd4 13. Nxd4 Qxd4 {LiveBook: 14 Games} 14. Qg3 {C85: Closed Ruy Lopez: Deferred Exchange Variation} {Predecessor:} Be6 $146 15. Be3 Qd7 16. Nd2 Bd6 17. Kh1 Rf7 18. f4 exf4 19. Bxf4 Bxf4 20. Qxf4 Qd4 21. b3 Qb2 {1-0 (55) Muratovic,A (2402)-Radulski,J (2488) Golubac 2003} 1/2-1/2

[Event "WTCC-65 2018"]
[Site "Radebeul"]
[Date "2018.07.12"]
[Round "6"]
[White "Seret, Jean-Luc"]
[Black "Ackermann, Hans Werner"]
[Result "0-1"]
[WhiteElo "2353"]
[BlackElo "2267"]
[Annotator "ChessBase"]
[PlyCount "98"]
[EventDate "2018.07.07"]
[EventType "team-tourn"]
[EventCountry "GER"]
[SourceTitle "playchess.com"]
[Source "ChessBase"]
[SourceQuality "1"]
[TimeControl "40/5400+30:1800+30"]

1. b3 {[%emt 0:00:00]} d6 {[%emt 0:01:15]} 2. Bb2 {[%emt 0:00:53]} e5 {[%emt 0:01:12]} 3. e3 {[%emt 0:02:35]} Nf6 {[%emt 0:02:45]} 4. Nf3 {[%emt 0:03:59]} Be7 {[%emt 0:07:28]} 5. d4 {[%emt 0:00:44]} e4 {[%emt 0:02:01]} 6. Nfd2 {[%emt 0:00:13]} O-O {[%emt 0:03:27]} 7. c4 {[%emt 0:00:40]} c6 {[%emt 0:06:41]} 8. Nc3 {[%emt 0:02:07]} d5 {[%emt 0:05:12]} 9. f3 {[%emt 0:03:33]} exf3 {[%emt 0:11:18]} 10. Qxf3 {[%emt 0:01:47]} Bg4 {[%emt 0:04:26]} 11. Qf2 {[%emt 0:01:53]} Na6 {[%emt 0:03:17]} 12. Bd3 {[%emt 0:01:09]} Bh5 {[%emt 0:03:25]} 13. h3 {[%emt 0:13:37]} Nb4 {[%emt 0:01:56]} 14. Bb1 {[%emt 0:02:37]} Bg6 {[%emt 0:03:05]} 15. O-O {[%emt 0:02:49]} Bxb1 {[%emt 0:00:13]} 16. Raxb1 {[%emt 0:01:45]} Nd3 {[%emt 0:00:14]} 17. Qf5 {[%emt 0:01:30]} Nxb2 {[%emt 0:00:54]} 18. Rxb2 {[%emt 0:00:03]} Bb4 {[%emt 0:10:46]} 19. Ndb1 {[%emt 0:00:25]} Qa5 {[%emt 0:03:24]} 20. Qd3 {[%emt 0:00:47]} Rae8 {[%emt 0:02:38]} 21. Rxf6 {[%emt 0:01:10]} gxf6 {[%emt 0:00:05]} 22. Rf2 {[%emt 0:00:41]} Qd8 {[%emt 0:05:44]} 23. cxd5 {[%emt 0:02:44]} Qe7 {[%emt 0:04:43]} 24. e4 {[%emt 0:06:40]} Kg7 {[%emt 0:07:45]} 25. dxc6 {[%emt 0:02:02]} bxc6 {[%emt 0:00:10]} 26. Rf4 {[%emt 0:03:53]} Rd8 {[%emt 0:02:17]} 27. d5 {[%emt 0:01:11]} Bd6 {[%emt 0:02:09]} 28. Rf5 {[%emt 0:03:52]} Rg8 {[%emt 0:01:20]} 29. Nd2 {[%emt 0:00:33]} Kf8 {[%emt 0:00:37]} 30. Nf3 {[%emt 0:01:57]} Bc7 {[%emt 0:01:10]} 31. Qc4 {[%emt 0:01:46]} Qa3 {[%emt 0:01:42]} 32. Nh2 {[%emt 0:09:55]} Qb2 {[%emt 0:01:02]} 33. Ng4 {[%emt 0:00:57]} Rxg4 {[%emt 0:00:41]} 34. hxg4 {[%emt 0:00:22]} Qc1+ {[%emt 0:00:13]} 35. Kf2 {[%emt 0:05:08]} Qd2+ {[%emt 0:00:11]} 36. Kf1 {[%emt 0:02:27]} Bg3 {[%emt 0:00:27]} 37. Kg1 {[%emt 0:02:07]} Qe3+ {[%emt 0:00:03]} 38. Kh1 Qh6+ 39. Kg1 {[%emt 0:00:49]} Qe3+ {[%emt 0:00:35]} 40. Kh1 {[%emt 0:00:05]} Qc1+ {[%emt 0:00:12]} 41. Qf1 {[%emt 0:30:56]} Qxc3 {[%emt 0:30:01]} 42. Rxf6 {[%emt 0:00:18]} Rd7 {[%emt 0:00:12]} 43. Rxc6 {[%emt 0:01:52]} Qe1 {[%emt 0:02:50]} 44. Qxe1 {[%emt 0:00:38]} Bxe1 {[%emt 0:00:00]} 45. Kg1 {[%emt 0:00:00]} Bg3 {[%emt 0:00:00]} 46. Kf1 {[%emt 0:00:00]} Rd6 {[%emt 0:00:00]} 47. Rc3 {[%emt 0:00:00]} Be5 {[%emt 0:00:00]} 48. Rh3 {[%emt 0:00:00]} Kg7 {[%emt 0:00:00]} 49. Rh5 {[%emt 0:00:00]} f6 {[%emt 0:00:00]} 0-1